| 000 | 02778nam a22002297a 4500 | ||
|---|---|---|---|
| 001 | 6688 | ||
| 003 | FISKH | ||
| 005 | 20250521093637.0 | ||
| 008 | 250521b cb ||||| |||| 00| 0 eng d | ||
| 040 |
_aFISKH _bkhr _cFISKH _dFISKH |
||
| 082 | _a900 | ||
| 100 | _aSovan Ni, Sin | ||
| 245 |
_aកំណត់ត្រាប្រវត្តិសាស្រ្តខ្មែរ ដំណើរប្រវត្តិរបស់មេដឺកនាំខ្មែរក្រហម / _cស្រាវជ្រាវដកស្រង់ប្រមូលរៀបរៀងដោយ សុិន សុវណ្ណនិ |
||
| 260 |
_aភ្នំពេញ : _c២០១២ . |
||
| 300 |
_a356 pges : _billustrations ; _c21 cm . |
||
| 520 | _aខ្មែរក្រហមត្រូវបានប្រើជាដំបូងដោយសម្តេច នរោត្តមសីហនុ ។នៅក្នុងកំឡុងទស្សវត្សឆ្នាំ៩០ សម្តេចនរោត្តមសីហនុដែលជាប្រមុខដឺកនាំចលនាសង្គមរាស្រ្តនិយម បានធ្វើការបែងចែកខ្មែរជាបីពណ៏យោងទៅតាម និន្នាការនយោបាយរបស់ពួកគេ គី ខ្មែរ ស សំដៅលើខ្មែរអ្នករាជានិយម , ខ្មែរខៀវជាខ្មែរអ្នកសាធារណរដ្ឋនិយម និង ខ្មែរក្រហម គីក្រុមខ្មែរកុម្មុយនីស្តនិយម។ ប៉ុន្តែពីដំបូង ពាក្យថា ខ្មែរក្រហមនេះ ត្រូវបានប្រើដោយសំដៅទៅលើក្រុមឆ្វេងនិយម នៅក្នុងចលនាសង្គមរាស្រ្តនិយមរបស់ព្រះអង្គផ្ទាល់។ | ||
| 520 | _aThe term Khmer Rouge was first used by Samdech Norodom Sihanouk. During the 1990s, Samdech Norodom Sihanouk, who was the leader of the National United Front of Kampuchea (FUNK), categorized the Khmer people into three color-coded groups based on their political leanings: Khmer Serei (White Khmer) referred to royalist supporters, Khmer Khiev (Blue Khmer) referred to republicans, and Khmer Krahom (Red Khmer) referred to communists. However, from the beginning, the term Khmer Rouge was specifically used by Prince Sihanouk to refer to leftist elements within his own National United Front movement. | ||
| 650 | _aខ្មែរក្រហម | ||
| 650 | _aKhmer Rough | ||
| 942 |
_2ddc _cKHB _n0 |
||
| 999 |
_c6688 _d6688 |
||